| 000 | 01075nam a2200325 a 4500 | ||
|---|---|---|---|
| 005 | 20200104041524.0 | ||
| 008 | 140121b1997 ck ||||| |||| 00| 0 spa d | ||
| 041 | _aspa | ||
| 090 |
_aIAvH _b00152 |
||
| 100 |
_aFranco García, Roberto _94225 |
||
| 110 |
_bInstituto de Investigación de Recursos Biológicos Alexander von Humboldt _9204 |
||
| 245 | _aSistemas tradicionales de producción y uso de la biodiversidad en Colombia | ||
| 260 |
_aBogotá _bInstituto Alexander von Humboldt _c1997 |
||
| 300 | _a42 p. | ||
| 650 |
_aSistemas tradicionales de producción _94473 |
||
| 650 |
_aUso de biodiversidad _9343 |
||
| 650 |
_aBiodiversidad _992204 |
||
| 650 |
_aDiversidad cultural _93644 |
||
| 650 |
_aComunidades indígenas _927707 |
||
| 650 |
_aComunidades negras _927708 |
||
| 650 |
_aComunidades campesinas _94474 |
||
| 650 |
_aCacería _93826 |
||
| 650 |
_aPesca _927709 |
||
| 650 |
_aAgricultura _9304 |
||
| 650 |
_aGanadería _927711 |
||
| 650 |
_aMinería _927712 |
||
| 650 |
_aAspectos socioculturales _92478 |
||
| 662 | _aColombia | ||
| 942 |
_cINFORME _2z |
||
| 999 |
_c1794 _d1794 |
||